| 000 | 00535nam a22001937a 4500 | ||
|---|---|---|---|
| 003 | KOHA_MİRAKIL | ||
| 005 | 20251013133659.0 | ||
| 008 | 251013b tu ||||| |||| 00| 0 tur d | ||
| 020 | _a9786053162773 | ||
| 040 |
_aTR-AnABB _btur _cTR-AnABB |
||
| 041 | _atur | ||
| 082 |
_a892.736 _bKAN 2024 |
||
| 100 | 1 | _aKanafani, Gassan, | |
| 245 | 1 | 0 |
_aGüneşteki adamlar / _cGassan Kanafani |
| 260 |
_aİstanbul : _bMetis Yayınları, _c2024 |
||
| 300 |
_a73 sayfa ; _c20 cm |
||
| 650 | 0 | 4 | _aArap edebiyatı, roman |
| 942 |
_2ddc _cBK |
||
| 999 |
_c9141 _d9141 |
||
| 900 | _bGizem YORULMAZ | ||